ბათუმის შოთა რუსთაველის სახელმწიფო უნივერსიტეტის ბიბლიოთეკა

ციოლკოვსკი (ბიბ.ჩანაწერი № 44568)

000 -LEADER
fixed length control field 00672nam a2200217Ia 4500
001 - CONTROL NUMBER
control field 11371
003 - CONTROL NUMBER IDENTIFIER
control field GE_BSU
008 - FIXED-LENGTH DATA ELEMENTS--GENERAL INFORMATION
fixed length control field 181216s||||||||xx |||||||||||||| ||und||
040 ## - CATALOGING SOURCE
Transcribing agency GE_BSU
080 ## - UNIVERSAL DECIMAL CLASSIFICATION NUMBER
Universal Decimal Classification number 629.78(09)
100 ## - MAIN ENTRY--PERSONAL NAME
Personal name ვორობიოვი ბ.
245 ## - TITLE STATEMENT
Title ციოლკოვსკი
245 ## - TITLE STATEMENT
Statement of responsibility, etc. რედ: ი. ტურაშვილი, მთარგმ. მ. ბრეგვაძე
260 ## - PUBLICATION, DISTRIBUTION, ETC.
Place of publication, distribution, etc. თბილისი.
260 ## - PUBLICATION, DISTRIBUTION, ETC.
Name of publisher, distributor, etc. ტექნიკა და შრომა
260 ## - PUBLICATION, DISTRIBUTION, ETC.
Date of publication, distribution, etc. 1950
300 ## - PHYSICAL DESCRIPTION
Extent 210გვ.20სმ.
300 ## - PHYSICAL DESCRIPTION
Accompanying material 1ფ. პორტრ. ილ.
653 ## - INDEX TERM--UNCONTROLLED
Uncontrolled term ციოლკოვსკი
942 ## - ADDED ENTRY ELEMENTS (KOHA)
Koha item type წიგნი
ეგზემპლარები
Withdrawn status Lost status Damaged status Not for loan Date acquired Barcode Date last seen Price effective from Koha item type
        2018-12-17 19718 2018-12-17 2018-12-17 წიგნი
        2018-12-17 19719 2018-12-17 2018-12-17 წიგნი